Desarrollo social, educación y cultura en Africa y América Latina. Memoria
Պահպանված է:
| Ձևաչափ: | Անհայտ |
|---|---|
| Հրապարակվել է: |
México D.F.:
IMR
|
| Խորագրեր: | |
| Ցուցիչներ: |
Ավելացրեք ցուցիչ
Չկան պիտակներ, Եղեք առաջինը, ով նշում է այս գրառումը!
|
MARC
| LEADER | 00000 a2200000 04500 | ||
|---|---|---|---|
| 001 | 19159 | ||
| 003 | |||
| 008 | 991231s d | ||
| 040 | |||
| 090 | |a 145301 | ||
| 245 | |a Desarrollo social, educación y cultura en Africa y América Latina. Memoria | ||
| 260 | |a México D.F.: |b IMR | ||
| 300 | |a 248 p. | ||
| 650 | |a SOCIEDAD | ||
| 650 | |a DESARROLLO SOCIAL | ||
| 650 | |a CONDICIONES ECONOMICAS | ||
| 650 | |a POBREZA | ||
| 650 | |a DISTRIBUCION DEL INGRESO | ||
| 650 | |a EMPLEO | ||
| 650 | |a DESEMPLEO | ||
| 650 | |a CRISIS | ||
| 650 | |a ESTANCAMIENTO ECONOMICO | ||
| 650 | |a POLITICA SOCIAL | ||
| 650 | |a POBREZA | ||
| 650 | |a DESEMPLEO | ||
| 650 | |a DISTRIBUCION DEL INGRESO | ||
| 650 | |a POLTICA SOCIAL | ||
| 999 | |c 14264 |d 14264 | ||
